00334nam a2200121Ia 4500008004100000041000800041082001700049100002100066245004400087260004200131300003000173365000900203240624s9999 xx 000 0 und d aeng a658.4092 BRO aBROUSSARD CARY J aFROM CINDRELLA TO CEO HOW TO MASTER THE c2005aNew JerseybJohn Wiley and Sons axv, : 223 : p. : cm. ; 23 cb30